Регионална библиотека "Любен Каравелов" - Русе

Сборникъ с бележки за хранене, лекуване, оздравяване, хигиена и здраве от 1868 година до днес (Запис номер 472328)

MARC детайли
000 -Лидер
Контролно поле с фиксирана дължина 02252nam a2200457 c 4500
003 - Код на организацията, давaща контролен номер
Контролно поле BLK
005 - Дата и час на последна редакция
Контролно поле 20220902150417.0
008 - Елементи от данни с фиксирана дължина
fixed length control field 180409b bul|||||r ||||||| ||bul||
020 ## - Международен стандартен номер на книга ISBN
Международен стандартен номер на книга ISBN 978-619-91251-0-6
040 ## - Източник на каталожния запис
Идентификатор на билиотеката - собственик на записа BLK
041 ## - Код за език
Код за езика на текст/звукозапис или на отделно заглавие Български
Код за езика КДБФ Български
080 ## - УДК
Текстов определител УДК Приготвяне на храна(общи въпроси). Рецепти. Готварски книги
УДК код - определител по УДК 641.55
УДК определител (083.1)
УДК - код + определител 641.55(083.1)
080 ## - УДК
Текстов определител УДК Народна медицина. Лечение с домашни средства
УДК код - определител по УДК 615.89
УДК - код + определител 615.89(083.1)
139 ## - Редно поле
Редна дума Сборникъ с бележки за хранене, лекуване, оздравяване, хигиена и здраве от 1868 година до днес
245 10 - Сведения за заглавието
Заглавие Сборникъ с бележки за хранене, лекуване, оздравяване, хигиена и здраве от 1868 година до днес
Редно поле (дума) [състав.] Ангелина Бонева
260 ## - Област на издателските данни
Име на издателя, разпространителя и проч. ЕСС - Европа
Година на издаване 2022
9 (RLIN) 479744
Място на издаване, разпространение и проч. София
300 ## - Физическа характеристика
Страници 542 с. : с цв. ил., факс.
Размери/Мащаб 23х25 см
380 ## - Жанр
Жанр Техника
500 ## - Общи забележки
Забележка Съдържа рец. от: Албена Петрова, Марчела Колева, Маринела Величкова, Мария Станоева, Кирил Кандиларов, Алекс Грънчаров, Сохаил Мохаммад Джафар Раджпут Рана Кхан, Румяна Менканджиева
650 #4 - Допълнително описание по предмет – тема
Основно описание – тема или топоним Хранене - наръчници и ръководства
9 (RLIN) 259293
650 #0 - Допълнително описание по предмет – тема
Основно описание – тема или топоним Народна медицина
9 (RLIN) 255231
653 ## - Ключова дума – ненормативна
Ключова дума готварски рецепти
653 ## - Ключова дума – ненормативна
Ключова дума хигиена на храненето
700 1# - Други автори (авторска отговорност)
Лично име Бонева, Ангелина
Автороска отговорност (Описва отношението между автора и произведението) състав.
9 (RLIN) 371074
852 ## - Местоположение
Форматна сигнатура Цб 313719
856 4# - Електронен адрес и достъп
Електронен формат pdf - файл
856 4# - Електронен адрес и достъп
Електронен формат pdf - файл
999 ## - СИСТЕМНИ КОНТРОЛНИ НОМЕРА
Koha biblionumber 472328
Koha biblioitemnumber 472328
942 ## - АРТИКУЛИ
Вид на библиотечния материал Книги
Скрит в OPAC Не
Периодичен библиозапис Да
944 ## - СЪЗДАВАНЕ И РЕДАКЦИЯ на ЗАПИСА
Създаване/Редакция Създаване
Дата на регистрацията/редакция 2022-09-02
Служител, извършил регистрацията/редакцията нр
Наличности
Код за отписване Код за изгубен артикул Източник на класификационната схема Код за повреда Коз за рестрикции Код за отдаване Артикулен № Име на библиотеката - собственик Име на библиотеката, в която се намира в момента Статус (Текущо местоположение) Дата на вписване в системата Местоположение - отдел Цена в лева Систематично азбучна сигнатура Баркод Цена в евро Служебен тип на артикула
  Не е изгубен Universal Decimal Classification Не е повреден само за читалня ползва се в читалня 903008 Регионална библиотека "Любен Каравелов" Русе Регионална библиотека "Любен Каравелов" Русе Хранилище 2022-09-05 Хранилище 83.00 Цб 313719 120000875761 42.44 Книги
Vip Innovations Ltd, Rousse, Bulgaria 2025